000 00327nmm a2200145 a 4500
003 AR-BaBNM
005 20251128203301.0
008 274019s1945 ||||||||||||||000 | spa||
040 _cAR-BaBNM
100 1 _aTwain, Mark
245 1 0 _aAutobiografía
_n1
260 _a[S.l.]
_bAcme
_c1945
942 _cBK
998 _cMATO MOURAZOS
999 _c2712
_d2712